[Event "Politiken Cup"]
[Site "Copenhagen"]
[Date "2006.07.27"]
[Round "6.73"]
[White "Pedersen, Audun"]
[Black "Almer, Julia"]
[Result "1-0"]
[WhiteElo "2028"]
[BlackElo "1900"]
[PlyCount "43"]
[EventDate "2006.??.??"]

1. e4 e5 2. Nf3 Nc6 3. Bb5 a6 4. Ba4 Nf6 5. O-O Be7 6. Re1 b5 7. Bb3 d6 8. c3
O-O 9. d4 Bg4 10. d5 Na5 11. Bc2 c6 12. h3 Bd7 13. Nxe5 dxe5 14. d6 Re8 15.
dxe7 Qxe7 16. Nd2 Rad8 17. Qf3 c5 18. Nf1 c4 19. b4 Nb7 20. Ng3 Nd6 21. Bg5 Bc8
22. Nh5 1-0

[Event "Politiken Cup"]
[Site "Copenhagen"]
[Date "2006.07.27"]
[Round "6.74"]
[White "Tandrup, Michael"]
[Black "Andersen, Mads"]
[Result "0-1"]
[WhiteElo "2028"]
[BlackElo "1794"]
[PlyCount "128"]
[EventDate "2006.??.??"]

1. d4 Nf6 2. Nf3 e6 3. e3 b6 4. b3 Bb7 5. Bb2 c5 6. Be2 Be7 7. O-O O-O 8. c4
cxd4 9. Nxd4 d5 10. cxd5 Nxd5 11. Nc3 Nxc3 12. Bxc3 Nd7 13. Bf3 Bxf3 14. Qxf3
Bf6 15. Rfd1 Qe8 16. Rac1 Bxd4 17. Rxd4 e5 18. Rg4 f6 19. Bb4 Rf7 20. Qd5 f5
21. Rgc4 Rd8 22. Rd1 Rc8 23. Bc3 e4 24. Bd4 Rd8 25. Bb2 Rc8 26. Rxc8 Qxc8 27.
Rc1 Nc5 28. b4 Qd7 29. Qxd7 Nxd7 30. Rc8+ Nf8 31. b5 Rd7 32. g3 Kf7 33. a4 Ne6
34. Rc4 Rc7 35. Rxc7+ Nxc7 36. Be5 Ne6 37. a5 bxa5 38. Kf1 a4 39. Ke2 a3 40.
Kd2 a2 41. Kc2 Nc7 42. Kb2 Nxb5 43. Kxa2 g6 44. Kb3 Ke6 45. Bb8 a6 46. Kb4 Kd5
47. h3 h5 48. h4 Nd6 49. Ka5 Nf7 50. Kxa6 Nh6 51. Kb6 Ng4 52. Kc7 Nxf2 53. Kd7
Ng4 54. Bf4 Kc4 55. Ke6 Kd3 56. Kf7 Nxe3 57. Kxg6 Nd5 58. Bg5 f4 59. gxf4 e3
60. Bd8 e2 61. Ba5 Nc3 62. Bxc3 Kxc3 63. f5 e1=Q 64. f6 Qxh4 0-1

[Event "Politiken Cup"]
[Site "Copenhagen"]
[Date "2006.07.27"]
[Round "6.76"]
[White "Petersen, Nils"]
[Black "Masters, Andrew D"]
[Result "1-0"]
[WhiteElo "2007"]
[BlackElo "1764"]
[PlyCount "78"]
[EventDate "2006.??.??"]

1. c4 e5 2. Nc3 Nf6 3. g3 Nc6 4. Bg2 Bb4 5. e3 O-O 6. Nge2 d6 7. O-O Be6 8. b3
d5 9. d4 exd4 10. exd4 Bg4 11. f3 Bf5 12. Be3 Re8 13. Bf2 Qd7 14. a3 Bxc3 15.
Nxc3 dxc4 16. bxc4 Na5 17. c5 Nc4 18. Qc1 Bd3 19. Rd1 Bg6 20. Ne4 Nxe4 21. fxe4
b5 22. cxb6 Nxb6 23. Re1 Rad8 24. Qc5 Qg4 25. Qxc7 Rd7 26. Qf4 Qh5 27. d5 Qe5
28. Qxe5 Rxe5 29. Bd4 Re8 30. Bxb6 axb6 31. e5 Bd3 32. d6 Red8 33. Rac1 Bf5 34.
Rc7 Rxc7 35. dxc7 Re8 36. Rd1 Kf8 37. Rd8 Ke7 38. Rxe8+ Kxe8 39. Bb7 Kd7 1-0

[Event "Politiken Cup"]
[Site "Copenhagen"]
[Date "2006.07.27"]
[Round "6.77"]
[White "Skovgaard, Tom"]
[Black "Holmen, Per Inge"]
[Result "1/2-1/2"]
[WhiteElo "2004"]
[BlackElo "1620"]
[PlyCount "81"]
[EventDate "2006.??.??"]

1. e4 d5 2. exd5 Qxd5 3. Nc3 Qa5 4. d4 Nf6 5. Bd2 Bg4 6. Be2 Bxe2 7. Qxe2 e6 8.
Nf3 Nbd7 9. O-O Be7 10. Qb5 Qb6 11. d5 exd5 12. Nxd5 Nxd5 13. Qxd5 Nf6 14. Qe5
Qd6 15. Rfe1 Qxe5 16. Rxe5 Kf8 17. Bc3 Bd6 18. Rb5 Rb8 19. Re1 c6 20. Bb4 Bxb4
21. Rxb4 g6 22. Ne5 Kg7 23. Rf4 Rhe8 24. Kf1 Rbd8 25. g4 h6 26. h4 Re7 27. g5
hxg5 28. hxg5 Nh7 29. Nf3 Rxe1+ 30. Kxe1 Rd5 31. Rg4 Kf8 32. Ke2 Ke7 33. Ke3
Nf8 34. Nd4 Kd6 35. c4 Re5+ 36. Re4 Rxg5 37. Re8 Re5+ 38. Rxe5 Kxe5 39. f4+ Kd6
40. Ke4 Ne6 41. Nf3 1/2-1/2

[Event "Politiken Cup"]
[Site "Copenhagen"]
[Date "2006.07.27"]
[Round "6.79"]
[White "Jacobsen, Maria Pitz"]
[Black "Nielsen, Frode B"]
[Result "1-0"]
[WhiteElo "1848"]
[BlackElo "2098"]
[PlyCount "127"]
[EventDate "2006.??.??"]

1. e4 e5 2. Nf3 Nc6 3. Bb5 Nge7 4. O-O g6 5. d3 Bg7 6. Bg5 O-O 7. Qd2 d6 8. Bh6
f5 9. Bc4+ Kh8 10. Bxg7+ Kxg7 11. Nc3 f4 12. d4 Bg4 13. Ng5 Nxd4 14. f3 Bd7 15.
Nb5 Nxb5 16. Bxb5 Bxb5 17. Ne6+ Kg8 18. Nxd8 Raxd8 19. Rfd1 d5 20. Qc3 Nc6 21.
Rxd5 Nd4 22. Qxc7 Rc8 23. Qxe5 Nxc2 24. Rc1 Rce8 25. Qd6 Bc6 26. Re5 Ne3 27.
Rxe8 Rxe8 28. Rc3 g5 29. g3 Kf7 30. gxf4 Re6 31. Qd4 gxf4 32. Qxa7 Rg6+ 33. Kh1
Rd6 34. Rxe3 Rd1+ 35. Kg2 Rd2+ 36. Kh3 Bd7+ 37. Kh4 h6 38. Re2 Rxe2 39. Qg1
Rxb2 40. Kh5 Be8 41. Kg4 Rxa2 42. Kxf4 Ra6 43. Qc1 Rc6 44. Qb2 b5 45. Ke3 h5
46. f4 Rc4 47. Qe5 Kf8 48. f5 b4 49. Qd6+ Kg8 50. e5 b3 51. Qd5+ Bf7 52. e6 b2
53. exf7+ Kf8 54. Qb5 Rc3+ 55. Kd2 Rc8 56. Qxb2 Kxf7 57. Qb3+ Kf8 58. Qb4+ Ke8
59. Ke3 Kd7 60. Kf4 Re8 61. Qb5+ Ke7 62. f6+ Kf7 63. Qd7+ Kf8 64. Qg7# 1-0

[Event "Politiken Cup"]
[Site "Copenhagen"]
[Date "2006.07.27"]
[Round "6.80"]
[White "Hansen, Rene Rauer"]
[Black "Andersen, Harry"]
[Result "1-0"]
[WhiteElo "2096"]
[BlackElo "1891"]
[PlyCount "49"]
[EventDate "2006.??.??"]

1. e4 e5 2. Nf3 Nc6 3. Bb5 Bc5 4. c3 a6 5. Ba4 b5 6. Bb3 Nf6 7. O-O O-O 8. d4
Be7 9. Nxe5 Nxe4 10. Bd5 Nf6 11. Bxc6 dxc6 12. Nxc6 Qd7 13. Nxe7+ Qxe7 14. Bg5
Qd6 15. Bxf6 Qxf6 16. Nd2 Rd8 17. Ne4 Qg6 18. Nc5 Rb8 19. Qd3 Bf5 20. Qg3 Qb6
21. Rfe1 Re8 22. Re5 Be6 23. Rae1 Rbd8 24. Qe3 Qd6 25. Nb7 1-0

[Event "Politiken Cup"]
[Site "Copenhagen"]
[Date "2006.07.27"]
[Round "6.81"]
[White "Christensen, Verner"]
[Black "Fogh, Jens Olaf Svanholm"]
[Result "0-1"]
[WhiteElo "1846"]
[BlackElo "2093"]
[PlyCount "74"]
[EventDate "2006.??.??"]

1. e4 e5 2. f4 exf4 3. Nf3 d5 4. exd5 Nf6 5. Bb5+ c6 6. dxc6 Nxc6 7. Bxc6+ bxc6
8. O-O Be6 9. d4 Bd6 10. Ng5 O-O 11. Nxe6 fxe6 12. Nc3 Qb6 13. Kh1 Rad8 14. Qd3
e5 15. dxe5 Bxe5 16. Qf3 Rfe8 17. Ne2 Qc5 18. Qb3+ Kh8 19. Nxf4 Rb8 20. Qh3
Bxf4 21. Bxf4 Rxb2 22. Rae1 Rxe1 23. Rxe1 Qxc2 24. Be5 Qd2 25. Bc3 Qf2 26. Rd1
Rb8 27. Qf3 Qxf3 28. gxf3 Nd5 29. Bd4 Rb4 30. Bxa7 Ra4 31. Bb8 Rxa2 32. Rc1 Ra6
33. Bd6 Kg8 34. Kg2 Kf7 35. f4 Ke6 36. Be5 g6 37. h4 Kf5 0-1

[Event "Politiken Cup"]
[Site "Copenhagen"]
[Date "2006.07.27"]
[Round "6.82"]
[White "Omarsson, Dadi"]
[Black "Lauritsen, Martin Lee"]
[Result "1/2-1/2"]
[WhiteElo "1830"]
[BlackElo "2080"]
[PlyCount "36"]
[EventDate "2006.??.??"]

1. e4 c5 2. Nc3 Nc6 3. Nge2 e5 4. Nd5 Nf6 5. Nec3 Nxd5 6. Nxd5 d6 7. Bc4 a6 8.
a4 Rb8 9. c3 b5 10. Bb3 Be7 11. O-O O-O 12. d3 Be6 13. f4 exf4 14. axb5 axb5
15. Bxf4 b4 16. Ra6 Rc8 17. d4 Bg5 18. Bg3 Bh4 1/2-1/2

[Event "Politiken Cup"]
[Site "Copenhagen"]
[Date "2006.07.27"]
[Round "6.83"]
[White "Jorgensen, Orla Eilegaard"]
[Black "Hyldkrog, Lars"]
[Result "0-1"]
[WhiteElo "1771"]
[BlackElo "2074"]
[PlyCount "88"]
[EventDate "2006.??.??"]

1. f4 d5 2. e3 Nf6 3. Nf3 g6 4. b3 Bg7 5. Bb2 O-O 6. Nc3 c5 7. Be2 Nc6 8. d4 b6
9. Qd2 Bf5 10. a3 cxd4 11. exd4 Rc8 12. O-O Ne4 13. Nxe4 dxe4 14. Ne5 Nxe5 15.
fxe5 Bxe5 16. Qd1 Bg7 17. c3 Qd7 18. Qd2 Rfd8 19. Rad1 Bg4 20. Qe3 Bxe2 21.
Qxe2 f5 22. Qe3 b5 23. b4 Qd5 24. h4 Qf7 25. Qf4 Rd5 26. Qe3 Rcd8 27. Qe2 e6
28. Qe3 Qd7 29. Rd2 a6 30. g4 Bf6 31. g5 Bh8 32. Rfd1 e5 33. Kg2 exd4 34. cxd4
Rc8 35. h5 gxh5 36. Qe2 Qf7 37. Rh1 Rcd8 38. Rxh5 Bxd4 39. Bc1 f4 40. Qg4 f3+
41. Kf1 e3 42. Rdh2 e2+ 43. Ke1 Bc3+ 44. Kf2 e1=Q# 0-1

[Event "Politiken Cup"]
[Site "Copenhagen"]
[Date "2006.07.27"]
[Round "6.84"]
[White "Rhee, Alexander"]
[Black "Traerup, Jorgen"]
[Result "1-0"]
[WhiteElo "2072"]
[BlackElo "1855"]
[PlyCount "49"]
[EventDate "2006.??.??"]

1. e4 c5 2. Nf3 Nc6 3. d4 cxd4 4. Nxd4 a6 5. Nc3 e6 6. Nxc6 bxc6 7. Bd3 Nf6 8.
O-O h6 9. e5 Nd5 10. Qh5 Nxc3 11. bxc3 Qc7 12. Be3 a5 13. Rab1 Qd8 14. f4 Ba6
15. Bxa6 Rxa6 16. f5 exf5 17. Qxf5 f6 18. Qg6+ Ke7 19. exf6+ Kd6 20. Qg3+ Ke6
21. Qg4+ Kd6 22. Qf4+ Ke6 23. Qf5+ Kf7 24. fxg7+ Kg8 25. Qf7+ 1-0

[Event "Politiken Cup"]
[Site "Copenhagen"]
[Date "2006.07.27"]
[Round "6.85"]
[White "Marder, Simon"]
[Black "Lie, Terje"]
[Result "1-0"]
[WhiteElo "2069"]
[BlackElo "1842"]
[PlyCount "39"]
[EventDate "2006.??.??"]

1. d4 Nf6 2. Bg5 e6 3. e4 Be7 4. Nc3 d5 5. e5 Nfd7 6. h4 Bxg5 7. hxg5 Qxg5 8.
Nh3 Qe7 9. Nf4 c5 10. Qg4 g6 11. Nb5 Nb6 12. Nd6+ Kd8 13. dxc5 Nc4 14. Nxd5 h5
15. Nxe7 Nxe5 16. Qg5 Kd7 17. O-O-O a6 18. Ndxc8+ Ke8 19. Qxe5 Rf8 20. Qc7 1-0

[Event "Politiken Cup"]
[Site "Copenhagen"]
[Date "2006.07.27"]
[Round "6.86"]
[White "Jacobsen, Per"]
[Black "Hayes, Stuart"]
[Result "1/2-1/2"]
[WhiteElo "1508"]
[BlackElo "2039"]
[PlyCount "45"]
[EventDate "2006.??.??"]

1. b3 c5 2. Bb2 d5 3. e3 Nc6 4. Bb5 Qc7 5. Nf3 f6 6. c4 a6 7. Bxc6+ bxc6 8. Nh4
e5 9. Qh5+ Qf7 10. Qxf7+ Kxf7 11. Nc3 e4 12. f4 h6 13. O-O g5 14. fxg5 hxg5 15.
Nf5 Bxf5 16. Rxf5 Bd6 17. g3 Ne7 18. Rf2 Rh6 19. Raf1 Rah8 20. Ne2 Ng8 21. cxd5
cxd5 22. Rc1 Ne7 23. Rcf1 1/2-1/2

[Event "Politiken Cup"]
[Site "Copenhagen"]
[Date "2006.07.27"]
[Round "6.87"]
[White "Karstensen, Christian"]
[Black "Bering, Anders"]
[Result "0-1"]
[WhiteElo "1741"]
[BlackElo "2046"]
[PlyCount "116"]
[EventDate "2006.??.??"]

1. e4 c5 2. Nf3 d6 3. d4 cxd4 4. Nxd4 Nf6 5. Nc3 g6 6. Be3 Bg7 7. f3 O-O 8. Qd2
Nc6 9. Bc4 Nd7 10. O-O-O Nb6 11. Bb3 Na5 12. Kb1 Nbc4 13. Qc1 Nxb3 14. cxb3
Nxe3 15. Qxe3 Bd7 16. h4 Qa5 17. Qg5 Qxg5 18. hxg5 f5 19. gxf6 Rxf6 20. Nd5 Rf7
21. Ne2 Bc6 22. Nb4 a5 23. Nxc6 bxc6 24. Nd4 c5 25. Nb5 a4 26. bxa4 Rxa4 27. b3
Rb4 28. Na3 Rf8 29. Rc1 Rfb8 30. Nc4 Bf6 31. Rhd1 h5 32. Rc2 Kf7 33. Rd3 g5 34.
Kc1 Rh8 35. Ne3 g4 36. Rf2 gxf3 37. gxf3 Bg5 38. Kc2 Ra8 39. Kd1 Bxe3 40. Rxe3
c4 41. Rb2 Kf6 42. Rc3 Rg8 43. Ke1 Rgb8 44. Kf2 e6 45. Ke3 R8b5 46. f4 Rb8 47.
Kf3 d5 48. e5+ Kf7 49. Rg2 Ra8 50. bxc4 Rxc4 51. Rxc4 Ra3+ 52. Rc3 Rxc3+ 53.
Kf2 Rc2+ 54. Kf3 Rxg2 55. Kxg2 d4 56. a4 d3 57. Kf2 h4 58. a5 d2 0-1

[Event "Politiken Cup"]
[Site "Copenhagen"]
[Date "2006.07.27"]
[Round "6.88"]
[White "Haugstad, Espen"]
[Black "Havik, Victor"]
[Result "1/2-1/2"]
[WhiteElo "2046"]
[BlackElo "1754"]
[PlyCount "34"]
[EventDate "2006.??.??"]

1. e4 e5 2. Nf3 Nc6 3. d4 exd4 4. Bc4 Nf6 5. O-O Nxe4 6. Re1 d5 7. Bxd5 Qxd5 8.
Nc3 Qa5 9. Nxe4 Be6 10. Bd2 Bb4 11. Nxd4 Nxd4 12. c3 O-O-O 13. cxb4 Qf5 14. Rc1
Bd5 15. Ng3 Qg6 16. Bf4 Bc6 17. Qh5 Ne6 1/2-1/2

[Event "Politiken Cup"]
[Site "Copenhagen"]
[Date "2006.07.27"]
[Round "6.89"]
[White "Schmidt, Horst Hubert"]
[Black "Christensen, Jim L"]
[Result "1-0"]
[WhiteElo "2042"]
[BlackElo "1672"]
[PlyCount "158"]
[EventDate "2006.??.??"]

1. Nf3 f5 2. d4 Nf6 3. c4 e6 4. Nc3 d6 5. Bg5 Nbd7 6. e4 fxe4 7. Nxe4 Be7 8.
Nc3 O-O 9. Bd3 Ng4 10. Bxe7 Qxe7 11. O-O Re8 12. Qc2 Nf8 13. Rfe1 Bd7 14. Re2
c6 15. Rae1 Rad8 16. Bf5 Nh6 17. Bxe6+ Bxe6 18. d5 Qf6 19. dxe6 Nxe6 20. Qa4 a6
21. Nd2 Nc7 22. Nd5 Qf7 23. Re7 Qf8 24. Rxe8 Rxe8 25. Rxe8 Nxe8 26. Ne3 Nf6 27.
Qb4 Qe7 28. h3 g6 29. Qb6 Nf7 30. Nf3 Nd8 31. b4 Ne8 32. a4 Qc7 33. Qd4 Qe7 34.
b5 axb5 35. axb5 Ne6 36. Qe4 Nf6 37. Qh4 Kg7 38. Ng4 h5 39. Ne3 Ng8 40. Qg3 Kf7
41. h4 Nf6 42. Nd2 cxb5 43. cxb5 Nd4 44. Qg5 Qe5 45. Ndc4 Qe6 46. b6 Nc6 47.
Qf4 Ne5 48. Na5 Qa2 49. Qb4 Qxf2+ 50. Kxf2 Nd3+ 51. Ke2 Nxb4 52. Nxb7 Ke7 53.
Nc4 Nd7 54. Nbxd6 Nxb6 55. Nf5+ gxf5 56. Nxb6 Ke6 57. Kf3 Nd3 58. Ke3 Nc5 59.
Kf4 Ne4 60. g3 Kf6 61. Nd5+ Ke6 62. Ne3 Nf2 63. Kg5 Nh3+ 64. Kxh5 f4 65. gxf4
Nxf4+ 66. Kg5 Nd3 67. Kg6 Ne5+ 68. Kg7 Nf7 69. Ng4 Nd6 70. Nh6 Ne8+ 71. Kg6 Nf6
72. Nf5 Ne4 73. h5 Nf6 74. h6 Ke5 75. Ng7 Nd7 76. Nh5 Ke6 77. Kg7 Ne5 78. Nf4+
Ke7 79. Ng6+ Ke8 1-0

[Event "Politiken Cup"]
[Site "Copenhagen"]
[Date "2006.07.27"]
[Round "6.90"]
[White "Nielsen, Jens Holm"]
[Black "Hyldkrog, Mikkel"]
[Result "1-0"]
[WhiteElo "2034"]
[BlackElo "1660"]
[PlyCount "109"]
[EventDate "2006.??.??"]

1. Nc3 d5 2. e4 e6 3. g3 Nf6 4. Bg2 c5 5. Nh3 Nc6 6. O-O b6 7. d3 Bb7 8. f4
dxe4 9. Nxe4 Be7 10. Nxf6+ Bxf6 11. c3 O-O 12. Be4 Qc7 13. Nf2 g6 14. h4 Ne7
15. Qf3 Rab8 16. h5 Bg7 17. Bxb7 Qxb7 18. Qxb7 Rxb7 19. hxg6 hxg6 20. Re1 Rd7
21. Bd2 Re8 22. Re2 Nc6 23. Rae1 Rde7 24. Kg2 e5 25. Bc1 Kf8 26. Ng4 f5 27.
Nxe5 Nxe5 28. fxe5 Rxe5 29. Rxe5 Rxe5 30. Rxe5 Bxe5 31. Bf4 Bxf4 32. gxf4 Kf7
33. Kg3 Ke6 34. Kh4 Kf6 35. d4 cxd4 36. cxd4 a6 37. d5 b5 38. b4 Ke7 39. Kg5
Kd6 40. Kxg6 Kxd5 41. Kxf5 Kc4 42. Ke5 Kxb4 43. f5 Ka3 44. f6 Kxa2 45. f7 b4
46. f8=Q b3 47. Qb4 b2 48. Qa4+ Kb1 49. Kd4 Kc1 50. Qc4+ Kd1 51. Qb3+ Kc1 52.
Qc3+ Kb1 53. Kc4 a5 54. Qxa5 Kc1 55. Qc3+ 1-0

[Event "Politiken Cup"]
[Site "Copenhagen"]
[Date "2006.07.27"]
[Round "6.91"]
[White "Zyde, Fadmal"]
[Black "Pedersen, Bent O"]
[Result "0-1"]
[WhiteElo "1652"]
[BlackElo "2027"]
[PlyCount "50"]
[EventDate "2006.??.??"]

1. e4 c5 2. Nf3 Nf6 3. Bc4 Nxe4 4. Ne5 d5 5. Bb5+ Bd7 6. Qf3 Nf6 7. Nxd7 Nbxd7
8. Nc3 a6 9. Bxd7+ Qxd7 10. d3 e6 11. O-O Bd6 12. Re1 O-O 13. Bg5 Be7 14. Ne2
b5 15. Nf4 h6 16. Bh4 g5 17. Qg3 Kh8 18. Bxg5 hxg5 19. Qxg5 Nh7 20. Qh5 Bg5 21.
Nh3 Rg8 22. f4 Bf6 23. Re5 Rg7 24. Ng5 Bxe5 25. Nxh7 Bd4+ 0-1

[Event "Politiken Cup"]
[Site "Copenhagen"]
[Date "2006.07.27"]
[Round "6.92"]
[White "Muratet Casadevall, Elias"]
[Black "Christensen, Sofus Rønne"]
[Result "0-1"]
[WhiteElo "1978"]
[BlackElo "1652"]
[PlyCount "52"]
[EventDate "2006.??.??"]

1. d4 f5 2. Bf4 e6 3. e3 Nf6 4. h3 b6 5. Be2 Bb7 6. Bf3 Ne4 7. Nd2 Be7 8. Nxe4
fxe4 9. Bh5+ g6 10. Be2 O-O 11. c3 a5 12. Qc2 Na6 13. O-O-O d5 14. f3 exf3 15.
Nxf3 c5 16. h4 cxd4 17. Bh6 dxc3 18. Bxf8 cxb2+ 19. Qxb2 Qxf8 20. Qxb6 Ba3+ 21.
Kb1 Nc5 22. Ne5 Ba6 23. Rhf1 Qe8 24. Qc7 Rb8+ 25. Kc2 Rb2+ 26. Kc3 Ne4+ 0-1

[Event "Politiken Cup"]
[Site "Copenhagen"]
[Date "2006.07.27"]
[Round "6.93"]
[White "Hansen, Johny"]
[Black "Svanholm, Borge Waaktaar"]
[Result "1-0"]
[WhiteElo "1494"]
[BlackElo "1978"]
[PlyCount "87"]
[EventDate "2006.??.??"]

1. e4 c5 2. Nf3 d6 3. d4 cxd4 4. Nxd4 Nf6 5. Bd3 Nc6 6. c3 e5 7. Ne2 Be7 8. O-O
O-O 9. h3 a6 10. a4 Be6 11. f4 exf4 12. Nxf4 Ne5 13. Nxe6 fxe6 14. Bc2 Rc8 15.
Bb3 Qd7 16. Qe2 Kh8 17. Bf4 Ng6 18. Na3 Nxf4 19. Rxf4 Rc5 20. Raf1 Rfc8 21. Nc4
Qc7 22. Ne3 Re5 23. Bc2 Qb6 24. Bb1 d5 25. Kh2 Qc7 26. g3 dxe4 27. Ng4 Nxg4+
28. Qxg4 Bf6 29. Bxe4 Qf7 30. Qh4 Qg8 31. Qg4 Rg5 32. Qf3 Be5 33. Rg4 Rxg4 34.
hxg4 b6 35. Kg2 Rd8 36. Rh1 h6 37. g5 Rd2+ 38. Kg1 Qd8 39. Rh5 Rd1+ 40. Kg2
Qd2+ 41. Kh3 Qd6 42. gxh6 g6 43. Bxg6 Re1 44. Rxe5 1-0

[Event "Politiken Cup"]
[Site "Copenhagen"]
[Date "2006.07.27"]
[Round "6.94"]
[White "Rasmussen, Morten"]
[Black "Fjellengen, Bård"]
[Result "1/2-1/2"]
[WhiteElo "1976"]
[BlackElo "1879"]
[PlyCount "53"]
[EventDate "2006.??.??"]

1. d4 d5 2. Nf3 e6 3. Bg5 Nf6 4. e3 c5 5. c3 Nc6 6. Nbd2 cxd4 7. exd4 Be7 8.
Bd3 h6 9. Bh4 Bd7 10. Qe2 a6 11. a4 a5 12. O-O O-O 13. Ne5 Nxe5 14. dxe5 Ne8
15. Bxe7 Qxe7 16. f4 f5 17. Qe3 Bc6 18. Qb6 Qc7 19. Qd4 Qd7 20. Nb3 Qd8 21. Qe3
b6 22. Nd4 Bd7 23. Nb5 Rb8 24. h3 Qe7 25. Kh2 Qc5 26. Rf3 Qxe3 27. Rxe3 1/2-1/2

[Event "Politiken Cup"]
[Site "Copenhagen"]
[Date "2006.07.27"]
[Round "6.95"]
[White "Tudvad, Mads"]
[Black "Nielsen, Preben"]
[Result "1-0"]
[WhiteElo "1493"]
[BlackElo "1972"]
[PlyCount "73"]
[EventDate "2006.??.??"]

1. d4 d5 2. Nf3 Nf6 3. Bf4 e6 4. e3 Nbd7 5. Nbd2 a6 6. c3 c5 7. Bd3 b5 8. e4
dxe4 9. Nxe4 Qb6 10. Bg3 Bb7 11. dxc5 Nxc5 12. Nxf6+ gxf6 13. Be2 Rd8 14. Qc2
Bh6 15. b3 Be4 16. Qb2 Bxf3 17. gxf3 Nd3+ 18. Bxd3 Rxd3 19. Rd1 Rxd1+ 20. Kxd1
Qc5 21. Ke2 Ke7 22. Rd1 e5 23. Qc2 Ke6 24. Qd3 Qc6 25. c4 bxc4 26. bxc4 Rb8 27.
Ke1 Rb4 28. c5 Bf8 29. Rb1 Rxb1+ 30. Qxb1 Bxc5 31. Qb3+ Qd5 32. Qa4 a5 33. Ke2
Bb4 34. Kf1 Qxf3 35. Qe8+ Kd6 36. Qf8+ Kc6 37. Qa8+ 1-0

[Event "Politiken Cup"]
[Site "Copenhagen"]
[Date "2006.07.27"]
[Round "6.96"]
[White "Friesen, Bas"]
[Black "Bøje, Tobias R"]
[Result "1-0"]
[WhiteElo "1971"]
[BlackElo "1469"]
[PlyCount "115"]
[EventDate "2006.??.??"]

1. d4 d5 2. Nf3 Nf6 3. Bf4 e6 4. e3 Bd6 5. Bxd6 Qxd6 6. a3 O-O 7. c4 c6 8. Nc3
Re8 9. Be2 Nbd7 10. O-O Nf8 11. Rc1 Ng6 12. Qb3 Qe7 13. Rfd1 Nd7 14. cxd5 exd5
15. Qc2 Nf6 16. b4 a6 17. Qb2 Ne4 18. Nxe4 Qxe4 19. Bd3 Qe7 20. Bxg6 hxg6 21.
Rd3 Bf5 22. Rb3 Be4 23. Ne1 Bf5 24. a4 Bd7 25. Nd3 Qg5 26. Ne5 Bf5 27. b5 axb5
28. axb5 Rec8 29. bxc6 bxc6 30. Nf3 Qe7 31. Rb7 Qa3 32. Qxa3 Rxa3 33. h3 f6 34.
Rb6 Bd7 35. Nd2 Ra2 36. Nb3 Rb2 37. Rb7 Be8 38. Nc5 Rxb7 39. Nxb7 Rb8 40. Nc5
Kf7 41. Ra1 Kg8 42. Ra7 Rc8 43. h4 Bf7 44. Kh2 Be8 45. Kg3 Bf7 46. Kf4 Kf8 47.
g4 Kg8 48. g5 f5 49. Rb7 Ra8 50. Nd7 Ra2 51. Rb8+ Kh7 52. Nf8+ Kh8 53. Nxg6+
Kh7 54. Nf8+ Kh8 55. g6 Bxg6 56. Nxg6+ Kh7 57. Kg5 Rxf2 58. Rh8# 1-0

[Event "Politiken Cup"]
[Site "Copenhagen"]
[Date "2006.07.27"]
[Round "6.97"]
[White "Helin, Mikael"]
[Black "Stangeland, Maren"]
[Result "1-0"]
[WhiteElo "1964"]
[BlackElo "1146"]
[PlyCount "55"]
[EventDate "2006.??.??"]

1. e4 c5 2. Nc3 d6 3. g3 g6 4. Bg2 Bg7 5. d3 e6 6. Be3 Ne7 7. Qd2 O-O 8. h4 h5
9. g4 hxg4 10. h5 Qa5 11. Bh6 f5 12. hxg6 Nxg6 13. exf5 Rxf5 14. Bxg7 Kxg7 15.
Qh6+ Kf6 16. Be4 c4 17. Nge2 Nc6 18. Ng3 Nb4 19. Nh5+ Ke7 20. Bxf5 Qxf5 21.
Qg7+ Kd8 22. O-O-O cxd3 23. Qd4 Qc5 24. Qf6+ Ne7 25. Qf8+ Kd7 26. Nf6+ Kc6 27.
Qe8+ Kb6 28. Na4+ 1-0

[Event "Politiken Cup"]
[Site "Copenhagen"]
[Date "2006.07.27"]
[Round "6.98"]
[White "Christensen, Casper"]
[Black "De Boer, Albert"]
[Result "0-1"]
[WhiteElo "1252"]
[BlackElo "2180"]
[PlyCount "100"]
[EventDate "2006.??.??"]

1. d4 Nf6 2. Nc3 d5 3. Bf4 c6 4. e3 g6 5. Bd3 Bg7 6. Nce2 c5 7. c3 Nbd7 8. Nf3
O-O 9. O-O Re8 10. Ng3 b6 11. Bb5 Bb7 12. Ne5 a6 13. Bd3 Ne4 14. Nxd7 Qxd7 15.
Qc2 Nd6 16. f3 c4 17. Be2 e5 18. dxe5 Bxe5 19. Rad1 h5 20. Kf2 Bxf4 21. exf4 h4
22. Nh1 Nf5 23. Qd2 Qc7 24. Rc1 Ne3 25. Rfe1 Qc5 26. Qd4 Qd6 27. g3 Nf5 28. Qd2
Qc5+ 29. Kg2 Ne3+ 30. Kh3 hxg3 31. hxg3 d4 32. g4 Rad8 33. Kg3 d3 34. Bd1 f6
35. Nf2 g5 36. Nh3 Re6 37. b4 Qe7 38. Rg1 Nxd1 39. Rcxd1 Re2 40. Qc1 Rc2 41.
Qb1 Qe2 42. fxg5 Qxf3+ 43. Kh4 fxg5+ 44. Kxg5 Rd5+ 45. Kh4 Rh2 46. Rg3 Qf4 47.
Rgg1 Qh6+ 48. Kg3 Qxh3+ 49. Kf4 Rf2+ 50. Ke4 Qf3# 0-1

[Event "Politiken Cup"]
[Site "Copenhagen"]
[Date "2006.07.27"]
[Round "6.99"]
[White "Di Paolo, Marco"]
[Black "Nielsen, Martin Skovsø"]
[Result "1-0"]
[WhiteElo "2060"]
[BlackElo "1650"]
[PlyCount "53"]
[EventDate "2006.??.??"]

1. e4 c5 2. Nc3 Nc6 3. f4 d6 4. Nf3 e6 5. Bc4 Be7 6. O-O a6 7. d3 Bf6 8. e5
dxe5 9. fxe5 Bxe5 10. Nxe5 Nxe5 11. Bb3 Qd4+ 12. Kh1 Nf6 13. Qe1 Ng6 14. Qg3
O-O 15. Be3 Qd7 16. Bxc5 Re8 17. Rf2 b5 18. Raf1 Bb7 19. h4 Rac8 20. Be3 Qc6
21. Rxf6 gxf6 22. Ne4 f5 23. Nf6+ Kh8 24. Nxe8 f4 25. Rxf4 Rxe8 26. Rxf7 Rg8
27. Bd4+ 1-0

[Event "Politiken Cup"]
[Site "Copenhagen"]
[Date "2006.07.27"]
[Round "6.100"]
[White "Jensen, Soren"]
[Black "Goetzee, Rick"]
[Result "1/2-1/2"]
[WhiteElo "2028"]
[BlackElo "1641"]
[PlyCount "42"]
[EventDate "2006.??.??"]

1. Nf3 Nf6 2. g3 d5 3. c4 c6 4. cxd5 cxd5 5. d4 Nc6 6. Bg2 Bf5 7. Nc3 e6 8. Qa4
Qa5 9. Qxa5 Nxa5 10. Nb5 Bb4+ 11. Bd2 Bxd2+ 12. Nxd2 Ke7 13. O-O Nc6 14. Nb3 a6
15. Nc3 Ne4 16. Rfc1 Nxc3 17. Rxc3 Rhc8 18. Rac1 Rc7 19. Na5 Rac8 20. e3 Kd6
21. Nxc6 Rxc6 1/2-1/2

[Event "Politiken Cup"]
[Site "Copenhagen"]
[Date "2006.07.27"]
[Round "6.101"]
[White "Jørgensen, Morten"]
[Black "Knudsen, Jes West"]
[Result "0-1"]
[WhiteElo "1473"]
[BlackElo "1999"]
[PlyCount "110"]
[EventDate "2006.??.??"]

1. d4 f5 2. c4 Nf6 3. Nc3 d6 4. Nf3 g6 5. g3 Bg7 6. Bg2 O-O 7. O-O Nc6 8. b3 e5
9. dxe5 Ng4 10. Qd5+ Kh8 11. Bg5 Qd7 12. Rac1 Ncxe5 13. Rfd1 Nf7 14. h3 Nge5
15. Be3 c6 16. Nxe5 Bxe5 17. Qd2 Qe7 18. f4 Bg7 19. Bd4 Re8 20. Bxg7+ Kxg7 21.
Qd4+ Qf6 22. Qxf6+ Kxf6 23. h4 Re7 24. Rd2 Bd7 25. Rcd1 Rae8 26. c5 Re3 27. Rd3
d5 28. Bxd5 Rxd3 29. Rxd3 cxd5 30. Nxd5+ Kg7 31. Nf6 Kxf6 32. Rxd7 Re7 33. Rd2
Ke6 34. Kf2 Rc7 35. b4 a5 36. a3 Rc6 37. Kf3 b6 38. cxb6 axb4 39. axb4 Rxb6 40.
Rd4 Nd6 41. g4 Rb5 42. g5 Rd5 43. Ke3 Nb5 44. Rc4 Ke7 45. Kf3 Rd4 46. Rxd4
Nxd4+ 47. Ke3 Nc2+ 48. Kd2 Nxb4 49. Ke3 Nd5+ 50. Kf3 Nc3 51. Ke3 Ke6 52. Kd3
Ne4 53. Ke3 Kd5 54. Kf3 Kd4 55. e3+ Kd3 0-1

[Event "Politiken Cup"]
[Site "Copenhagen"]
[Date "2006.07.27"]
[Round "6.102"]
[White "Andersen, Daniel"]
[Black "Christensen, Svend Ib"]
[Result "1-0"]
[WhiteElo "1908"]
[BlackElo "1636"]
[PlyCount "71"]
[EventDate "2006.??.??"]

1. c4 Nf6 2. Nc3 b6 3. e4 d6 4. d4 c6 5. f4 Bg4 6. Qa4 Bd7 7. Qc2 c5 8. d5 g6
9. Nf3 Bg7 10. h3 Na6 11. a3 Nc7 12. g4 O-O 13. e5 Nfe8 14. Bd3 e6 15. O-O exd5
16. cxd5 a6 17. b4 cxb4 18. axb4 Rc8 19. Qb3 Nb5 20. Nxb5 Bxb5 21. Bxb5 axb5
22. Bb2 Rc4 23. Nd2 Rc8 24. Rae1 Nc7 25. e6 Qe7 26. Bxg7 Kxg7 27. f5 fxe6 28.
dxe6 Qf6 29. Ne4 Qd4+ 30. Kh1 Ne8 31. e7 Rf7 32. Qe6 Rc2 33. f6+ Rxf6 34. Rxf6
Qe5 35. Qf7+ Kh6 36. g5+ 1-0